000 00478cam a2200169ua 4500
020 _a81-204-0014-3
082 _a633.85
_bSRI/OI
100 _aSrivastava, H C.
_91552
245 0 0 _aOilseed Production : Constraints and Opportunities /
250 _a1 /
260 _aNew Delhi :
_bOxford & IBH Publishing Company ,
_c1985.
300 _a700 ; .
700 1 _aBhartendu, Vatsya .
_91553
700 1 _aBhaskaran, S .
_91296
700 1 _aMenon, K K G .
_91554
942 _cBK
999 _c1417
_d1417